00497nam a2200205Ia 450000500170000000800460001702000180006303700100008104000080009104000080009904000080010704100080011504100080012308400080013110000180013924500490015726000230020626000090022985600530023820260121160204.0008 260114s9999 xx 000 0 eng d a9781351041386 aEBOOK aCRL beng cCRL 2eng aeng qCRL a Paul Walker  2aA Brief Prehistory of the Theory of the Firm bTaylor and Francis c2018 uhttp://www.taylorfrancis.com/books/9781351041386